000 00522nam a2200169Ia 4500
003 GCL
008 140319s9999 xx 000 0 ara d
040 _aGCL /
_cGCL
082 0 4 _aط
_b607
_bم ف
100 1 _aمحمد جمال الدين الفندى
245 1 0 _aفلتسأل رجل الارصاد الجوية /
_cمحمد جمال الدين الفندى
490 _a100 قصة
_v0
650 0 4 _aالطقس
650 0 4 _aالارصاد الجوية
650 0 4 _aالتنبؤات الجوية
942 _2ddc
_cBK
999 _c45742
_d45742